000 00855nam a2200241Ii 4500
003 JO-AjNU
008 230605s9999||||xx |||||||||||||| ||und||
017 _a2005/5/1217
020 _a9957-32-088-2
040 _aJO-AjNU
_bara
_erda
_cJO-AjNU
041 _aara
050 1 4 _aBP130.7.Q83 2006
100 3 _aإعداد: قطينة، آمال,
_eauthor
_913220
245 0 0 _aالصحيح والسقيم في فضائل القرآن الكريم
250 _aط1
264 3 1 _aعمان: دار الحامد للنشر والتوزيع، 2006
300 _a127ص
_bفهرس المراجع ص 112-119
336 _atext
_btxt
_2rdacontent
337 _aunmediated
_bn
_2rdamedia
338 _avolume
_bnc
_2rdacarrier
490 0 _aجمعية الحديث الشريف واحياء التراث
650 4 _aالقرآن الكريم- فضائل
_913221
999 _aA3234
_c6802
_d6802